Ilankaiyil Tamilp puthina pathirikaiyan valarchi (Record no. 1162)
[ view plain ]
| 000 -LEADER | |
|---|---|
| fixed length control field | 00415nam a2200145Ia 4500 |
| 005 - DATE AND TIME OF LATEST TRANSACTION | |
| control field | 20250515031111.0 |
| 008 - FIXED-LENGTH DATA ELEMENTS--GENERAL INFORMATION | |
| fixed length control field | 240331s9999 xx 000 0 und d |
| 082 ## - DDC Classification | |
| Class No. | 302.2 |
| Item Number - Author Mark | SIV |
| 100 ## - MAIN ENTRY--PERSONAL NAME | |
| Personal name | Sivagurunathan, R |
| 245 #0 - TITLE STATEMENT | |
| Title | Ilankaiyil Tamilp puthina pathirikaiyan valarchi |
| 260 ## - PUBLICATION, DISTRIBUTION, ETC. | |
| Place of publication, distribution, etc. | Vadapalani |
| Name of publisher, distributor, etc. | Kumaran Publishers |
| Date of publication, distribution, etc. | 1993 |
| 300 ## - PHYSICAL DESCRIPTION | |
| Extent (e.g. Volumes, Pages etc.) | 230 p ., |
| 500 ## - GENERAL NOTE | |
| General note | Progress of Tamil Journalism in Sri Lanka |
| 942 ## - Koha item type (Biblio) | |
| Koha item type | Books in Stacks (Lending) |
| Lost status | Damaged status | Collection code | Home library | Current library | Shelving location | Date acquired | Full call number | Accession Number | Item type |
|---|---|---|---|---|---|---|---|---|---|
| Lending | WERC Library | WERC Library | Social Science Cupboard | 03/31/2024 | 302.2 SIV | 3215 | Books in Stacks (Lending) |
